Central Library OPAC University of Rajshahi

Introduction to solid state physics / (Record no. 70983)

MARC details
000 -LEADER
fixed length control field 00707nam a2200241 a 4500
001 - CONTROL NUMBER
control field 70983
003 - CONTROL NUMBER IDENTIFIER
rucl marc code BD-RjUL
005 - DATE AND TIME OF LATEST TRANSACTION
control field 20211209082050.0
008 - FIXED-LENGTH DATA ELEMENTS--GENERAL INFORMATION
fixed length control field 170423s1957 nyua b 001 0 eng d
035 ## - SYSTEM CONTROL NUMBER
System control number (BD-RjUL)71197
040 ## - CATALOGING SOURCE
Original cataloging agency DLC
Transcribing agency DLC
Modifying agency DLC
-- BD-RjUL
Language of cataloging eng
041 ## - LANGUAGE CODE
Language code of text/sound track or separate title eng
082 00 - DEWEY DECIMAL CLASSIFICATION NUMBER
Classification number 530.41
Edition number 23
Author mark and year KII 1957
100 1# - MAIN ENTRY--PERSONAL NAME
Personal name Kittel, Charles.
9 (RLIN) 26819
245 10 - TITLE STATEMENT
Title Introduction to solid state physics /
Statement of responsibility, etc. Charles Kittel.
250 ## - EDITION STATEMENT
Edition statement 2nd ed.
260 ## - PUBLICATION, DISTRIBUTION, ETC. (IMPRINT)
Place of publication, distribution, etc. New York :
Name of publisher, distributor, etc. Wiley,
Date of publication, distribution, etc. c1957 [seventh printing 1963].
300 ## - PHYSICAL DESCRIPTION
Pagination xvii, 617 p. :
Illustrations ill. ;
Size 25 cm.
504 ## - BIBLIOGRAPHY, ETC. NOTE
Bibliography, etc Includes bibliographies and index.
650 #0 - SUBJECT ADDED ENTRY--TOPICAL TERM
Topical term or geographic name as entry element Solid state physics.
9 (RLIN) 23918
942 ## - ADDED ENTRY ELEMENTS (KOHA)
Source of classification or shelving scheme Dewey Decimal Classification
Koha item type Books
Holdings
Lost status Source of classification or shelving scheme Damaged status Not for loan Collection code Permanent Location Current Location Shelving location Date acquired Source of acquisition Cost, normal purchase price Total Checkouts Full call number Date last seen Copy number Koha item type Date checked out
  Dewey Decimal Classification   Not For Loan Non-fiction Central Library, University of Rajshahi Central Library, University of Rajshahi Reading Room 09/08/1958 John Wiley & Sons 9.00   530.41 KII 1957 23/04/2017 C-1 Books  
  Dewey Decimal Classification     Non-fiction Central Library, University of Rajshahi Central Library, University of Rajshahi   02/01/1965 Mirza Book Agencies 10.75   530.41 KII 1963 07/05/2017 C-2 Books  
  Dewey Decimal Classification     Non-fiction Central Library, University of Rajshahi Central Library, University of Rajshahi   27/11/1965 Mirza Book Agency 10.00   530.41 KII 1963 08/05/2017 C-3 Books  
  Dewey Decimal Classification     Non-fiction Central Library, University of Rajshahi Central Library, University of Rajshahi   10/01/1965 Mirza Book Agency 10.75 1 530.41 KII 1963 23/04/2018 C-5 Books 03/04/2018
  Dewey Decimal Classification     Non-fiction Central Library, University of Rajshahi Central Library, University of Rajshahi   01/08/1964 Ru.physics dept. 56.47   530.41 KII 1957 01/12/2018 C-4 Books